000 01147 am a2200277 4500
001 173543
003 ES-MaACL
005 20230906215252.0
008 091207s2008 sp a | |||||||| | spa d ..|
015 _aMON0902
020 _a978-84-935468-9-2
040 _aSpMaBN
_bspa
_cSpMaBN
_erdc
080 _a349.243(460):331.446.2:613.81
080 _a349.3(460):369.231.2
100 1 _aBandrés Hernández, Sara.
_9141743
245 1 0 _aAnálisis de la doctrina judicial respecto de la relación entre consumo de alcohol y accidente de trabajo /
_cSara Bandrés Hernández, Marta Arroyo González.
260 _a[Madrid] :
_bAdemas, Comunicación Gráfica,
_c[2008]
300 _a94 p. :
_bil. col., gráf. ;
_c24 cm.
490 1 _aColección Docencia universitaria. Serie derecho, salud y cultura
650 4 _aTrabajadores-
_xConsumo de alcohol-
_zEspaña.
_9141744
650 4 _aAccidentes de trabajo-
_vJurisprudencia-
_zEspaña.
_9141745
700 1 _aArroyo González, Marta.
_9141746
830 0 _aColección Docencia universitaria. Serie derecho, salud y cultura
_9223563
852 _aES-MaACL
_jC-31060
999 _c173543
_d173543